| 000 | 00381nam a22001697a 4500 | ||
|---|---|---|---|
| 005 | 20260509105712.0 | ||
| 008 | 160616b xxu||||| |||| 00| 0 eng d | ||
| 020 | _a978-0-07-0590-403 | ||
| 041 | _aeng | ||
| 082 | _a659.1 | ||
| 100 |
_aSurmane K, Jim _92041 |
||
| 245 | _aAdvertising Media A to Z | ||
| 260 |
_bTMH _c2004 |
||
| 300 | _a337 | ||
| 650 | _aManagement | ||
| 942 | _cBK | ||
| 999 |
_c2855 _d2854 |
||